000 00648nam a22001817a 4500
005 20251108165527.0
008 250721s2000 xx 000 0 ara d
082 1 4 _a730.09565/ندو
111 2 _aندوة ملتقى الفن التشكيلي الأردني (7:1998: عمان)
245 1 0 _aملتقى الفن التشكيلي الأردني و موقعه من خريطة الفن التشكيلي العربي /
264 1 _aعمان :
_bوزارة الثقافة،
_c2000.
300 _a208ص
490 0 _aكتاب الشهر ؛7
650 1 7 _aالفن التشكيلي
650 1 7 _aالأردن
942 _2ddc
_cBK
999 _c30021
_d30021